Trends in land utilisation in Karnataka (Record no. 499118)

000 -LEADER
fixed length control field 00360cam a22001097a 4500
008 - FIXED-LENGTH DATA ELEMENTS--GENERAL INFORMATION
fixed length control field 180718b1974 xxu||||| |||| 00| 0 eng d
082 ## - DEWEY DECIMAL CLASSIFICATION NUMBER
Classification number Y11x54 K147
245 ## - TITLE STATEMENT
Title Trends in land utilisation in Karnataka
Statement of responsibility, etc. by Bureau of Economics and Statistics, Karnataka
260 ## - PUBLICATION, DISTRIBUTION, ETC.
Place of publication, distribution, etc. Bangalore
Name of publisher, distributor, etc. Bureau of Economics and Statistics
Date of publication, distribution, etc. 1974
300 ## - PHYSICAL DESCRIPTION
Extent 49+p.
700 ## - ADDED ENTRY--PERSONAL NAME
Personal name Karnataka.
Holdings
Withdrawn status Lost status Damaged status Not for loan Permanent Location Current Location Date acquired Full call number Barcode Date last seen Price effective from Koha item type
        Indian Institute of Public Administration Indian Institute of Public Administration 2018-08-04 Y11x54 K147 GG14534 2018-08-04 2018-08-04 GG

Powered by Koha